Antologia poètica / Josep Maria de Sagarra ; tria i pròleg de Josep M. Llompart
Descripción Física:
194 p. ; 24 cm
Colección:
Llibres d'abril ; 2
Otros Autores:
Llompart, Josep M.
MARC
| LEADER | 00000nam a2200000Ia 4500 | ||
|---|---|---|---|
| 001 | 10629 | ||
| 008 | 160829s1994 xx 000 0 cat d | ||
| 080 | |a L-1-57 | ||
| 100 | 1 | |a Sagarra, Josep M. de, |d 1894-1961 |e autor |9 56454 | |
| 245 | |a Antologia poètica / Josep Maria de Sagarra ; tria i pròleg de Josep M. Llompart | ||
| 260 | |a Barcelona : |b Diputació de Barcelona, |c 1994 | ||
| 300 | |a 194 p. ; |c 24 cm | ||
| 490 | |a Llibres d'abril ; 2 | ||
| 700 | 1 | |a Llompart, Josep M. |e autor del pròleg |9 29097 | |
| 710 | 1 | |a Barcelona (Catalunya : Província). |b Diputació |9 52408 | |
| 901 | |a Arxiu | ||
| 942 | |n 1 |2 udc | ||
| 952 | |0 0 |1 0 |4 0 |6 L157 |7 1 |9 45042 |a Arxiu |b Arxiu |d 2016-12-01 |l 0 |o L-1-57 |p 10629 |r 2016-12-01 00:00:00 |w 2016-12-01 |y ARXIU | ||
| 999 | |c 47662 |d 47662 | ||